000 00465nam a2200169 a 4500
001 000009503
005 20200929161618.0
008 090930s1951 dr 000 0 spa d
040 _aDO-SdBNP
_bspa
_cBNPHU
082 _axxx
_bV635i
100 1 _aVicioso V., A. Felino
_924315
245 1 0 _aIris /
_cA. Felino Vicioso V.
250 _a2a ed.
260 _aCiudad Trujillo, República Dominicana :
_bMontalvo,
_c1951.
300 _a175 p. : ;
_c23 cm.
049 _aBNPD
999 _c9263
_d9263